000 00688nam a22002057a 4500
005 20240408145136.0
010 _aENG-139598
020 _a9788131223031
_c457.00
035 _aEN-123130
037 _bDBAD/PUB
082 _a612
100 _aJoshi, Vijaya D.
_964385
245 _aPhysiology:
_bPre Manual for Undergraduates/
_cby Vijya D Jodhi
250 _a4
260 _aNew Delhi
_bElsevier Pvt. Ltd.
_c2010
270 _aGate No. 3, Building No.A-1,2 Industrial Area, Kalkaji,
_bNew Delhi
_e110019
_l91-124-4774100
_mindiacontact@elsevier.com
300 _a6780p.
_c24CM(PBK)
700 _aMendhurwar, Sadhana ,Joshi
_963011
942 _cEN
_h612
_2ddc
_mJOS
_e4th
999 _c201339
_d201339